000 01122nam a2200277Ia 4500
003 Ost
005 20260507075123.0
008 260507s9999||||xx |||||||||||||| ||und||
020 _a4044189957
040 _cfsecg
041 _aara
082 _a300
100 _aعثمان، الأحد درينة
_eمؤلف
245 0 _aطرائق التدريس :
_bمنهج،أسلوب،وسيلة /
_c الأحد درينة عثمان
260 _aعمان:
_bدار المناهج,
_c2005
300 _a227 صفحة؛
_c24 سم
520 _aالأهداف التربوية؛المنهج؛استراتيجية التعليم؛طرائق التدريس؛الأساليب المتبعة في التدريس؛الوسائل التعليمية؛التقويم؛التخطيطي للدرس
653 _aاستراتيجية التعليم
653 _aالأهداف التربوية
653 _aالتقويم
653 _aالمنهج
653 _aالوسائل التعليمية
653 _aطرائق التدريس
700 _aخدام، عثمان يوسف
_eمؤلف ثانوي
942 _cكتاب
999 _c43107
_d43107